000 00258nam a2200109Ia 4500
005 20251028132339.0
008 251020t2016||||xx |||||||||||||| ||spa||
041 _aspa
245 0 _aConvención americana sobre derechos humanos
260 _c2016
942 _CLB
_cLB
999 _c750
_d750